00612nam a2200205Ia 4500008004100000020001500041050001400056100001900070245002000089245002100109245005000130260001700180260001800197260000900215300001500224300002500239440002000264999001900284952010300303180207s9999 xx 000 0 und d a1556249640 bE298 1988 aEggleton, Jill aChanging days : brhymes to read / cJill Eggleton ; illustrations by Philip Webb. aWashington : bWright Group, c1988 a24 pages : bcolor illustration ; aSunshine books. c355265d355265 001040aSSISMbSSISMd2018-02-07l0oER E298 1988pSSISM4810r2018-02-07 00:00:00w2018-02-07yBK